| 000 | 00545nam a2200217Ia 4500 | ||
|---|---|---|---|
| 008 | 210210b2008 xxu||||| |||| 00| 0 eng d | ||
| 041 | _aeng | ||
| 082 | _a581.0724 SHAP | ||
| 100 | _aSHARMA (Balram) Ed | ||
| 245 | _aPlant tissue culture and transformation techniques | ||
| 260 |
_aDelhi _bDaya Publishing House _c2008 |
||
| 300 | _axiii,155 | ||
| 650 | _atransformation | ||
| 650 | _atissue | ||
| 650 | _atechniques | ||
| 650 | _aPlant | ||
| 650 | _aculture | ||
| 650 | _aand | ||
| 690 | _aPlant Tissue Culture | ||
| 906 | _aSG04948 | ||
| 999 |
_c117820 _d117820 |
||